000 01020nac a22003017a 4500
001 BR7602862
003 BR-BrBNA
005 20240105113944.0
008 230509b bl.|||m| |||| 00| 0 por d
040 _aBR-BrBNA
_bpor
_cBiblioteca Nacional de Agricultura
072 _aE10; E30
090 _aE10 BR7602862
110 1 _aFundacao de Economia e Estatistica, Porto Alegre, RS (Brasil)
_94853
245 1 _aPrograma agroindustria Rio Grande do Sul. Termos gerais de referencia [Industria agricola; Macroeconomia; Planejamento agricola; Brasil]
250 1 _a2. ed.
260 3 _aPorto Alegre, RS (Brasil):
_c1976.
300 _a46 p.
490 _aPrograma Agroindustria do Rio Grande do Sul (Brazil)
_vno. 1
_x
500 _a9 tables
650 _aMacroeconomia
650 _aPlanejamento agricola
650 _aIndustria agricola
650 _aInvestimento
650 _aPolitica economica
650 _aRio Grande do Sul
909 _a202312
_bLúcia Elande
_c55
_dLúcia Elande
942 _2AGRIS
_n0
_cMS
999 _c266551
_d266551